Georgia a View from Space (Record no. 2134)

000 -LEADER
fixed length control field 00780nam a22002177a 4500
003 - CONTROL NUMBER IDENTIFIER
control field OSt
005 - DATE AND TIME OF LATEST TRANSACTION
control field 20210414095450.0
008 - FIXED-LENGTH DATA ELEMENTS--GENERAL INFORMATION
fixed length control field 210311s1976 ||||| |||| 00| 0 eng d
040 ## - CATALOGING SOURCE
Original cataloging agency eng
Language of cataloging eng
Transcribing agency DLC
041 ## - LANGUAGE CODE
Language code of text/sound track or separate title eng
080 ## - UNIVERSAL DECIMAL CLASSIFICATION NUMBER
Universal Decimal Classification number 91
Item number C-59
100 ## - MAIN ENTRY--PERSONAL NAME
9 (RLIN) 1368
Personal name Clark, Z. William Jr.
245 ## - TITLE STATEMENT
Title Georgia a View from Space
Remainder of title : An Atlas of Landsat-1 Imagery
Statement of responsibility, etc. /by: State of Georgia Department of natural Resources, The Geologic and Water Resources Division
260 ## - PUBLICATION, DISTRIBUTION, ETC.
Place of publication, distribution, etc. Atlanta, Georgia
Name of publisher, distributor, etc. State of Georgia Department of natural Resources, The Geologic and Water Resources Division
Date of publication, distribution, etc. 1976
300 ## - PHYSICAL DESCRIPTION
Extent 49 p.
Other physical details ill.
650 #0 - SUBJECT ADDED ENTRY--TOPICAL TERM
9 (RLIN) 490
Topical term or geographic name entry element Geography
653 ## - INDEX TERM--UNCONTROLLED
Uncontrolled term გეოგრაფია
700 ## - ADDED ENTRY--PERSONAL NAME
9 (RLIN) 1369
Personal name Zisa, C. Arnold
700 ## - ADDED ENTRY--PERSONAL NAME
9 (RLIN) 1370
Personal name Jones, C. Richard
942 ## - ADDED ENTRY ELEMENTS (KOHA)
Source of classification or shelving scheme
Koha item type Books
Holdings
Withdrawn status Lost status Source of classification or shelving scheme Damaged status Not for loan Permanent location Current location Date acquired Inventory number Total Checkouts Full call number Barcode Date last seen Price effective from Koha item type
          Ken Walker International University Ken Walker International University 03/11/2021 1624   91 C-59 1624 03/11/2021 03/11/2021 Books

Powered by Koha